A Ourivesaria da Prata em Portugal e os Mestres Portuenses (Record no. 6741)

MARC details
000 -CABECERA
campo de control de longitud fija 00861nam a2200229 a 4500
001 - NÚMERO DE CONTROL
campo de control BRCA_7060
005 - FECHA Y HORA DE LA ÚLTIMA TRANSACCIÓN
campo de control 20190321142936.0
008 - DATOS DE LONGITUD FIJA--INFORMACIÓN GENERAL
campo de control de longitud fija 031211s2004----po-a######---#000-0#por-#
020 ## - NÚMERO INTERNACIONAL ESTÁNDAR DEL LIBRO
Número Internacional Estándar del Libro 9729119937
041 ## - CÓDIGO DE LENGUA
Código de lengua del texto/banda sonora o título independiente por
044 ## - CÓDIGO DEL PAÍS DE LA ENTIDAD EDITORA/PRODUCTORA
Código MARC del país po
050 #4 - SIGNATURA TOPOGRÁFICA DE LA BIBLIOTECA DEL CONGRESO
Número de documento/Ítem .V37 2004
100 1# - ENTRADA PRINCIPAL--NOMBRE DE PERSONA
Nombre de persona Vasconcelos e Sousa, Gonçalo de
9 (RLIN) 17548
245 10 - MENCIÓN DE TÍTULO
Título A Ourivesaria da Prata em Portugal e os Mestres Portuenses
Resto del título História e Sociabilidade (1750-1810)
Mención de responsabilidad, etc. Gonçalo de Vasconcelos e Sousa.
260 ## - PUBLICACIÓN, DISTRIBUCIÓN, ETC.
Lugar de publicación, distribución, etc. Porto, Portugal
Nombre del editor, distribuidor, etc. Fundaçao Eng.º António de Almeida
Fecha de publicación, distribución, etc. 2004
300 ## - DESCRIPCIÓN FÍSICA
Extensión 684 p.
Otras características físicas il.
Dimensiones 25 cm.
500 ## - NOTA GENERAL
Nota general Incluye glosario, índice de apéndice documental, índide de ilustraciones e índice de tablas
500 ## - NOTA GENERAL
Nota general Donación de María Sánchez
504 ## - NOTA DE BIBLIOGRAFÍA, ETC.
Nota de bibliografía, etc. Bibliografía: p. [521]-557
650 14 - PUNTO DE ACCESO ADICIONAL DE MATERIA--TÉRMINO DE MATERIA
Término de materia o nombre geográfico como elemento de entrada Joyería de plata
Subdivisión general Historia
Subdivisión cronológica 1750-1810
Subdivisión geográfica Portugal
9 (RLIN) 17549
942 ## - ELEMENTOS DE PUNTO DE ACCESO ADICIONAL (KOHA)
Fuente del sistema de clasificación o colocación Library of Congress Classification
Tipo de ítem Koha Libros
Holdings
Estado de retiro Estado de pérdida Estado dañado No para préstamo Localización permanente Ubicación/localización actual Fecha de adquisición Total de préstamos Signatura topográfica completa Código de barras Fecha visto por última vez Precio válido a partir de Tipo de ítem Koha
El ejemplar forma parte de la colección y puede ser consultado según las políticas vigentes.       Biblioteca del Museo Franz Mayer (Rogerio Casas-Alatriste) Biblioteca del Museo Franz Mayer (Rogerio Casas-Alatriste) 03/12/2011   .V37 2004 02691 22/03/2019 22/03/2019 Libros